000 00591nam a22001937a 4500
003 OSt
005 20260112031727.0
008 260112b |||||||| |||| 00| 0 eng d
020 _a0695278606
040 _aDWCL - Main
_cOC
082 _aGR 372.83 Y9 1980
100 _aYohe, Ralph Sandlin
_eAuthor
245 _aExploring Our World :
_bEastern Hemisphere /
_cRalph Sandlin Yohe
260 _aU.S.A.:
_bFollett Publishing Company,
_cc1980
300 _a480 p.:
_bill.;
_c26 cm.
504 _aIncludes appendix, glossary, and index.
650 _a1. Social Studies.
942 _2ddc
_cGR
_n0
999 _c7266
_d7266